Gaming Quiz

Random Gaming or Video Games Quiz
Score 0/15 Timer 04:00
1 Play Today
% Correct
Fox
81.4%
Bonnie
76.2%
Gordon
71.7%
Diddy
69.5%
Sonic
68%
Crash
67.2%
Cloud
60.9%
Mario
53.8%
% Correct
Lara
53%
Duke
45.7%
Kirby
42.8%
Ken
42.6%
Scorpion
40.2%
Max
39.3%
Carl
36.6%
Remove Ads.
Support Sporcle.
Get the best of Sporcle when you Go Orange. This ad-free experience offers more features, more stats, and more fun while also helping to support Sporcle. Thank you for becoming a member.

You're not logged in!

Compare scores with friends on all Sporcle quizzes.
OR
Log In

Sporcle TV

Today on Sporcle TV


Watch our educational content, quiz creation guides, and fun videos on Sporcle TV.

Show Comments

Extras

Top Quizzes Today


Score Distribution

Paid Content

Your Account Isn't Verified!

In order to create a playlist on Sporcle, you need to verify the email address you used during registration. Go to your Sporcle Settings to finish the process.

Report this User

Report this user for behavior that violates our Community Guidelines.

Details: